Treasures of the world- A complete guide to the UNESCO World heritage sites (Record no. 4529)
[ view plain ]
| 000 -LEADER | |
|---|---|
| fixed length control field | 00320nam a2200109Ia 4500 |
| 008 - FIXED-LENGTH DATA ELEMENTS--GENERAL INFORMATION | |
| fixed length control field | 200302s9999 xx 000 0 und d |
| 100 ## - MAIN ENTRY--PERSONAL NAME | |
| Personal name | Author |
| 245 ## - TITLE STATEMENT | |
| Title | Treasures of the world- A complete guide to the UNESCO World heritage sites |
| 260 ## - PUBLICATION, DISTRIBUTION, ETC. | |
| Name of publisher, distributor, etc. | UNESCO Publishings, Harper Collins London |
| 260 ## - PUBLICATION, DISTRIBUTION, ETC. | |
| Date of publication, distribution, etc. | 2011 |
| 300 ## - PHYSICAL DESCRIPTION | |
| Extent | 856 |
| Withdrawn status | Lost status | Damaged status | Not for loan | Permanent Location | Current Location | Date acquired | Cost, normal purchase price | Full call number | Barcode | Date last seen | Price effective from | Koha item type |
|---|---|---|---|---|---|---|---|---|---|---|---|---|
| BMS College of Architecture, Design and Planning | BMS College of Architecture, Design and Planning | 2020-03-03 | 4499.00 | 910.453 | CL-UG69522 | 2020-03-03 | 2020-03-03 | UG Books from CL |